Telur batu kura-kura

Bibliographic Details
Format: Book
Published: Kuala Lumpur : Fargoes , 2005
Series:Siri cerita moral
Subjects:

MARC

LEADER 00000cam a2200000 7i4500
001 0000000283
005 20151222.0
020 |a 9831283325 
090 0 0 |a JF   |b MOR JAW (280) 
245 0 0 |a Telur batu kura-kura 
260 |a Kuala Lumpur :   |b Fargoes ,   |c 2005 
440 |a Siri cerita moral 
500 |a Children ages 7-9 years old (orange) 
650 0 |a Jawi 
999 |a 0000899965   |b Book   |c Children Collection   |e Cawangan Tmn. Ungku Tun Aminah 
999 |a 0000899966   |b Book   |c Children Collection   |e Cawangan Tmn. Ungku Tun Aminah 
999 |a 0000899970   |b Book   |c Children Collection   |e Cawangan Tangkak 
999 |a 0000899973   |b Book   |c Children Collection   |e Cawangan Mersing 
999 |a 0000899974   |b Book   |c Children Collection   |e Cawangan Mersing 
999 |a 0000954659   |b Book   |c Children Collection   |e Perbadanan Perpustakaan Awam Johor 
999 |a 0000954660   |b Book   |c Children Collection   |e Cawangan Bukit Gambir 
999 |a 0000954661   |b Book   |c Children Collection   |e Cawangan Urban Transformation Centre 
999 |a 0000954662   |b Book   |c Children Collection   |e Cawangan Urban Transformation Centre 
999 |a 0000954663   |b Book   |c Children Collection   |e Cawangan Urban Transformation Centre 
999 |a 0000988433   |b Book   |c Children Collection   |e Cawangan Tangkak 
999 |a 0001215129   |b Book   |c Children Collection   |e Cawangan Tangkak 
999 |a 0001215135   |b Book   |c Children Collection   |e Cawangan Bukit Gambir 
999 |a 0001215137   |b Book   |c Children Collection   |e Cawangan Segamat 
999 |a 0001215138   |b Book   |c Children Collection   |e Cawangan Tmn. Ungku Tun Aminah 
999 |a 0001215139   |b Book   |c Children Collection   |e Cawangan Taman Universiti 
999 |a 0001215141   |b Book   |c Children Collection   |e Cawangan Mersing 
999 |a 0001215142   |b Book   |c Children Collection   |e Cawangan Taman Universiti